Pessoas comuns histórias incríveis: a construcao da liberdade na sociedade sul-rio-grandense
Uloženo v:
| Hlavní autoři: | , , , , , , |
|---|---|
| Médium: | Kniha |
| Jazyk: | portugalština |
| Vydáno: |
Porto Alegre
Est Edicoes
2017
|
| Vydání: | 1a. ed |
| Témata: | |
| Tagy: |
Přidat tag
Žádné tagy, Buďte první, kdo vytvoří štítek k tomuto záznamu!
|
MARC
| LEADER | 00000cam a2200000 a 4500 | ||
|---|---|---|---|
| 001 | UCC1361 | ||
| 003 | CL-VaPUC | ||
| 008 | 171020e20170000bl |||||||||||||||||por|d | ||
| 020 | |a 9788568569290 | ||
| 082 | 0 | 4 | |a 981.6 |b OLI |2 21 |
| 100 | |a Silva, Fernanda Oliveira da |e autor |9 595427 | ||
| 700 | 0 | |a Rodrigues de Sá, Jardélia |e author |9 595428 | |
| 700 | 0 | |a Costa Gómez, Luciano |e author |9 595429 | |
| 700 | 0 | |a Vinícius de Freitas Rosa, Marcus |e author |9 595430 | |
| 700 | 0 | |a Kleinert Perussatto, Melina |e author |9 595431 | |
| 700 | 0 | |a Amaral Silva, Sarah Calvi |e author |9 595432 | |
| 700 | 0 | |a Santos, Sherol dos |e author |9 595433 | |
| 245 | 1 | 0 | |a Pessoas comuns histórias incríveis: a construcao da liberdade na sociedade sul-rio-grandense |
| 250 | |a 1a. ed | ||
| 300 | |a 112 p | ||
| 942 | |c BK | ||
| 945 | |d 20171020 15:16:00 |a arojas | ||
| 260 | |a Porto Alegre |b Est Edicoes |c 2017 | ||
| 650 | 7 | |a HISTORIA DE BRASIL |2 CL-VaPUC |9 403010 | |
| 650 | 0 | |a Sociología |9 255410 | |
| 583 | |a last modification |c 20171020 15:16:00 |k Rodrigo Vera | ||
| 999 | |c 369890 |d 369888 | ||
| 952 | |0 0 |1 0 |3 erb |4 0 |6 981_600000000000000_OLI_2017 |7 0 |8 A |9 486041 |a BIBHIS |b BIBHIS |i 5430763 |o 981.6 OLI 2017 |p 5430763 |r 2025-01-20 |w 2019-11-24 |y BK |z Catalogado en:20171020 |k HIS | ||